Leadership for students : (Record no. 9381)
[ view plain ]
| 000 -LEADER | |
|---|---|
| fixed length control field | 01401cam a22003374a 4500 |
| 001 - CONTROL NUMBER | |
| control field | 15883449 |
| 003 - CONTROL NUMBER IDENTIFIER | |
| control field | SISC |
| 005 - DATE AND TIME OF LATEST TRANSACTION | |
| control field | 20160321124354.0 |
| 008 - FIXED-LENGTH DATA ELEMENTS--GENERAL INFORMATION | |
| fixed length control field | 090827s2010 txu b 000 0 eng |
| 010 ## - LIBRARY OF CONGRESS CONTROL NUMBER | |
| LC control number | 2009032575 |
| 020 ## - INTERNATIONAL STANDARD BOOK NUMBER | |
| International Standard Book Number | 1882664124 |
| 040 ## - CATALOGING SOURCE | |
| Original cataloging agency | DLC |
| Transcribing agency | DLC |
| Modifying agency | DLC |
| 043 ## - GEOGRAPHIC AREA CODE | |
| Geographic area code | n-us--- |
| 050 00 - LIBRARY OF CONGRESS CALL NUMBER | |
| Classification number | LB3605 |
| Item number | .K275 2010 |
| 082 00 - DEWEY DECIMAL CLASSIFICATION NUMBER | |
| Classification number | HS 649.121 |
| Item number | K14 1995 |
| 100 1# - MAIN ENTRY--PERSONAL NAME | |
| Personal name | Karnes, Frances A. |
| 9 (RLIN) | 13411 |
| 245 10 - TITLE STATEMENT | |
| Title | Leadership for students : |
| Remainder of title | a practical guide for ages 8-18 / |
| Statement of responsibility, etc | Frances A. Karnes, Suzanne M. Bean. |
| 260 ## - PUBLICATION, DISTRIBUTION, ETC. (IMPRINT) | |
| Place of publication, distribution, etc | Waco, TX : |
| Name of publisher, distributor, etc | Prufrock Press, |
| Date of publication, distribution, etc | 1995. |
| 300 ## - PHYSICAL DESCRIPTION | |
| Extent | 188 p. ; |
| Dimensions | 23 cm. |
| 504 ## - BIBLIOGRAPHY, ETC. NOTE | |
| Bibliography, etc | Includes bibliographical references (p. 213-214). |
| 505 0# - FORMATTED CONTENTS NOTE | |
| Formatted contents note | Defining leadership -- Assessing yourself as a leader -- Opportunities for leadership -- Training for leadership -- Influence and encouragement from others -- Great leaders -- Advice to others. |
| 526 ## - STUDY PROGRAM INFORMATION NOTE | |
| Reading level | 1040L to 1310L |
| 562 ## - COPY AND VERSION IDENTIFICATION NOTE | |
| Number of copies | For circulation. One copy available in the collection. |
| 650 #0 - SUBJECT ADDED ENTRY--TOPICAL TERM | |
| Topical term or geographic name as entry element | Student activities |
| Geographic subdivision | United States. |
| 9 (RLIN) | 13412 |
| 650 #0 - SUBJECT ADDED ENTRY--TOPICAL TERM | |
| Topical term or geographic name as entry element | Leadership |
| General subdivision | Study and teaching |
| Geographic subdivision | United States. |
| 9 (RLIN) | 13413 |
| 700 1# - ADDED ENTRY--PERSONAL NAME | |
| Personal name | Bean, Suzanne M., |
| Dates associated with a name | 1957- |
| 9 (RLIN) | 13414 |
| 906 ## - LOCAL DATA ELEMENT F, LDF (RLIN) | |
| a | 7 |
| b | cbc |
| c | orignew |
| d | 1 |
| e | ecip |
| f | 20 |
| g | y-gencatlg |
| 942 ## - ADDED ENTRY ELEMENTS (KOHA) | |
| Source of classification or shelving scheme | Library of Congress Classification |
| Koha item type | AudioBooks |
| Withdrawn status | Lost status | Source of classification or shelving scheme | Damaged status | Home library | Current library | Shelving location | Date acquired | Total Checkouts | Full call number | Barcode | Date last seen | Date checked out | Copy number | Price effective from | Koha item type |
|---|---|---|---|---|---|---|---|---|---|---|---|---|---|---|---|
| Library of Congress Classification | Luxembourg Library | Luxembourg Library | High School Section | 08/24/2013 | 1 | LB 3605 .K18 1995 | 6742 | 03/21/2016 | 11/27/2014 | 1 | 10/03/2013 | Books |